|
|
|
|
| LEADER |
01335nam a2200373 a 4500 |
| 001 |
28534 |
| 003 |
BD-DhAAL |
| 005 |
20230525130506.0 |
| 008 |
141109s2002 enk b 000 0 eng |
| 010 |
|
|
|a 2003269449
|
| 020 |
|
|
|a 0140448144
|
| 020 |
|
|
|a 9780140448146
|
| 040 |
|
|
|a DLC
|c DLC
|d DLC
|d BD-DhAAL
|
| 041 |
1 |
|
|a eng
|
| 050 |
0 |
0 |
|a PA3875.A28
|b S6 2002
|
| 082 |
0 |
4 |
|a 882/.01
|
| 100 |
0 |
|
|a Aristophanes.
|9 5983
|
| 245 |
1 |
0 |
|a Lysistrata and other plays /
|c translated with an introduction and notes by Alan H. Sommerstein.
|
| 250 |
|
|
|a Rev. ed.
|
| 260 |
|
|
|a London ;
|a New York :
|b Penguin,
|c 2002.
|
| 300 |
|
|
|a l, 241 p.
|c 20 cm.
|
| 490 |
|
0 |
|a Penguin classics
|
| 504 |
|
|
|a Includes bibliographical references (p. il).
|
| 505 |
0 |
|
|a The Acharnians -- The clouds -- Lysistrata.
|
| 541 |
|
|
|e 28534
|
| 600 |
0 |
0 |
|a Aristophanes
|v Translations into English.
|9 5984
|
| 600 |
0 |
0 |
|a Lysistrata
|c (Fictitious character)
|v Drama.
|9 5985
|
| 650 |
|
0 |
|a Peace movements
|v Drama.
|9 5986
|
| 650 |
|
0 |
|a Women and peace
|v Drama.
|9 5987
|
| 655 |
|
7 |
|a Comedies.
|2 gsafd
|
| 700 |
1 |
|
|a Sommerstein, Alan H.
|9 5988
|
| 942 |
|
|
|2 ddc
|c BK
|
| 999 |
|
|
|c 33025
|d 33025
|
| 952 |
|
|
|0 0
|1 0
|2 ddc
|4 0
|6 882_010000000000000_ARI
|7 0
|9 44006
|a BRACUL
|b BRACUL
|c GEN
|d 2014-11-09
|e Paragon Enterprises Ltd.
|l 2
|m 4
|o 882.01 ARI
|p 3010028534
|r 2022-08-24
|s 2022-08-16
|t 1
|w 2014-11-09
|y BK
|